| 000 | 00649nam a2200253Ia 4500 | ||
|---|---|---|---|
| 008 | 170711s9999 xx 000 0 und d | ||
| 020 | _a9781601660114 | ||
| 050 | _a28.9 | ||
| 050 | _bC425 2008 | ||
| 100 | _aCezanne, Jeannette | ||
| 245 | _aOpen your heart with reading : | ||
| 245 | _bmastering life through love of books / | ||
| 245 | _cJeannette Cezanne. | ||
| 260 | _aUSA : | ||
| 260 | _bDream Time, | ||
| 260 | _c2008 | ||
| 300 | _axviii, 185 pages : | ||
| 300 | _billustrations ; | ||
| 300 | _c21cm. | ||
| 500 | _aIncludes index. | ||
| 650 | _aBooksand reading -- | ||
| 650 | _xPsychological aspects. | ||
| 700 | _aTitle. | ||
| 999 |
_c339888 _d339888 |
||